Geology of the Great Smoky Mountains National Park. Tennessee and North Carolina, (Record no. 30384)
[ view plain ]
| 000 -LEADER | |
|---|---|
| fixed length control field | 01289cam a2200289 4500 |
| 001 - CONTROL NUMBER | |
| control field | gs 67000301 |
| 003 - CONTROL NUMBER IDENTIFIER | |
| control field | DLC |
| 005 - DATE AND TIME OF LATEST TRANSACTION | |
| control field | 20260227111421.0 |
| 008 - FIXED-LENGTH DATA ELEMENTS--GENERAL INFORMATION | |
| fixed length control field | 700727s1968 dcuab b 000 0 eng c |
| 010 ## - LIBRARY OF CONGRESS CONTROL NUMBER | |
| LC control number | gs 67000301 |
| 040 ## - CATALOGING SOURCE | |
| Original cataloging agency | U.S. Geological Survey Library |
| Transcribing agency | DLC |
| Modifying agency | DLC |
| 050 00 - LIBRARY OF CONGRESS CALL NUMBER | |
| Classification number | QE75 |
| Item number | .P9 no. 587 |
| 051 ## - LIBRARY OF CONGRESS COPY, ISSUE, OFFPRINT STATEMENT | |
| Classification number | QE166.G7 |
| Item number | K5 |
| Copy information | Copy 2. |
| 082 00 - DEWEY DECIMAL CLASSIFICATION NUMBER | |
| Classification number | 550/.8 s |
| 100 1# - MAIN ENTRY--PERSONAL NAME | |
| Personal name | King, Philip Burke, |
| Dates associated with a name | 1903- |
| 245 10 - TITLE STATEMENT | |
| Title | Geology of the Great Smoky Mountains National Park. Tennessee and North Carolina, |
| Statement of responsibility, etc. | by Philip B. King, Robert B. Neuman, and Jarvis B. Hadley. |
| 260 ## - PUBLICATION, DISTRIBUTION, ETC. | |
| Place of publication, distribution, etc. | Washington, |
| Name of publisher, distributor, etc. | [U.S. Dept. of the Interior, Geological Survey; for sale by the Supt. of Docs.] U.S. Govt. Print. Off., |
| Date of publication, distribution, etc. | 1968. |
| 300 ## - PHYSICAL DESCRIPTION | |
| Extent | v, 23 p. |
| Other physical details | illus., fold. col. map (in pocket) |
| Dimensions | 29 cm. |
| 490 1# - SERIES STATEMENT | |
| Series statement | Geological Survey professional paper 587 |
| 504 ## - BIBLIOGRAPHY, ETC. NOTE | |
| Bibliography, etc. note | Bibliography: p. 23. |
| 650 #0 - SUBJECT ADDED ENTRY--TOPICAL TERM | |
| Topical term or geographic name entry element | Geology |
| Geographic subdivision | Great Smoky Mountains National Park (N.C. and Tenn.) |
| 651 #0 - SUBJECT ADDED ENTRY--GEOGRAPHIC NAME | |
| Geographic name | Great Smoky Mountains National Park (N.C. and Tenn.) |
| 700 1# - ADDED ENTRY--PERSONAL NAME | |
| Personal name | Neuman, Robert B., |
| Dates associated with a name | 1920- |
| Relator term | joint author. |
| 700 1# - ADDED ENTRY--PERSONAL NAME | |
| Personal name | Hadley, Jarvis B. |
| Fuller form of name | (Jarvis Bardwell), |
| Dates associated with a name | 1909- |
| Relator term | joint author. |
| 740 0# - ADDED ENTRY--UNCONTROLLED RELATED/ANALYTICAL TITLE | |
| Uncontrolled related/analytical title | Great Smoky Mountains National Park, Tennessee and North Carolina. |
| 830 #0 - SERIES ADDED ENTRY--UNIFORM TITLE | |
| Uniform title | Geological Survey professional paper ; |
| Volume/sequential designation | 587. |
No items available.